000 00657nam a2200169 i 4500
001 165342
003 ES-MaACL
005 20230906213122.0
008 050819s1884 sp | |||||||| ||spa d
040 _aCAM
_bspa
_cCAM
080 _a821.134.2-14"19"
100 1 _aSigüenza, Julio.
_9106317
245 1 4 _aLos parias de la humanidad
_b: poema representable joco-serio y un tanto filosófico escrito para estudio y solaz de los desheredados "consolatrix aflictorum" /
_cpor Julio de Sigüenza.
260 _aMadrid :
_b[s.n.],
_c1884 (
_fImp. de Fernando Cao y Domingo de Val)
300 _a48 p. ;
_c16 cm.
852 _aES-MaACL
_jT-410-F-5
_z-- Enc. hol.
999 _c165342
_d165342